Code of measuring practice (Record no. 101792)
[ view plain ]
| 000 -LEADER | |
|---|---|
| fixed length control field | 01186cam a22002895a 4500 |
| 008 - FIXED-LENGTH DATA ELEMENTS--GENERAL INFORMATION | |
| fixed length control field | 011127s2001 xxkae f fhu 000 0 eng d |
| 020 ## - INTERNATIONAL STANDARD BOOK NUMBER | |
| International Standard Book Number | 1842190601 |
| 035 ## - SYSTEM CONTROL NUMBER | |
| System control number | (Sirsi) u115760 |
| 041 0# - LANGUAGE CODE | |
| Language code of text/sound track or separate title | eng |
| 050 04 - LIBRARY OF CONGRESS CALL NUMBER | |
| Classification number | 692.3 $2 18 |
| 110 2# - MAIN ENTRY--CORPORATE NAME | |
| Corporate name or jurisdiction name as entry element | Royal Institution of Chartered Surveyors |
| Subordinate unit | Property Measurement Group |
| 9 (RLIN) | 4172 |
| 245 00 - TITLE STATEMENT | |
| Title | Code of measuring practice |
| Remainder of title | a guide for surveyors and valuers. RICS code of practice |
| 250 ## - EDITION STATEMENT | |
| Edition statement | 5th ed. Reprinted with corrections |
| 260 ## - PUBLICATION, DISTRIBUTION, ETC. | |
| Place of publication, distribution, etc. | London |
| Name of publisher, distributor, etc. | RICS |
| Date of publication, distribution, etc. | 2001 |
| 300 ## - PHYSICAL DESCRIPTION | |
| Extent | 37p. |
| Other physical details | ill. |
| Dimensions | 30cm. |
| 490 #0 - SERIES STATEMENT | |
| Series statement | RICS Guidance Note |
| 520 ## - SUMMARY, ETC. | |
| Summary, etc. | Provides succinct, precise definitions to permit the accurate measurement of buildings and land, the calculation of the sizes and the description or specification of land and buildings. |
| 520 ## - SUMMARY, ETC. | |
| Summary, etc. | Superseded by sixth edition (ISBN 9781842193327). Effective 1 February 2002. Supersedes fourth edition (ISBN 0854066101). |
| 650 24 - SUBJECT ADDED ENTRY--TOPICAL TERM | |
| Topical term or geographic name entry element | RICS CODE OF MEASURING PRACTICE |
| 650 24 - SUBJECT ADDED ENTRY--TOPICAL TERM | |
| Topical term or geographic name entry element | GROSS EXTERNAL AREA |
| 650 24 - SUBJECT ADDED ENTRY--TOPICAL TERM | |
| Topical term or geographic name entry element | GROSS INTERNAL AREA |
| 650 24 - SUBJECT ADDED ENTRY--TOPICAL TERM | |
| Topical term or geographic name entry element | NET INTERNAL AREA |
| 651 #4 - SUBJECT ADDED ENTRY--GEOGRAPHIC NAME | |
| Geographic name | United Kingdom |
| Chronological subdivision | |
| 690 ## - LOCAL SUBJECT ADDED ENTRY--TOPICAL TERM (OCLC, RLIN) | |
| Topical term or geographic name as entry element | PROPERTY-PROPERTY APPRAISAL AND VALUATION |
| 942 ## - ADDED ENTRY ELEMENTS (KOHA) | |
| Suppress in OPAC | 0 |
| Withdrawn status | Lost status | Source of classification or shelving scheme | Damaged status | Not for loan | Home library | Current library | Shelving location | Date acquired | Total Checkouts | Full call number | Barcode | Date last seen | Copy number | Price effective from | Koha item type | Cost, normal purchase price | Cost, replacement price | Date last checked out |
|---|---|---|---|---|---|---|---|---|---|---|---|---|---|---|---|---|---|---|
| Dewey Decimal Classification | London | London | RICS Boxes | 19/12/2001 | RICS 2001/54 | 30065173 | 06/08/2019 | 1 | 06/08/2019 | Archive | ||||||||
| Dewey Decimal Classification | London | London | RICS Boxes | 03/06/2004 | RICS 2001/54 | 30068765 | 06/08/2019 | 2 | 06/08/2019 | Reference material | 15.00 | 15.00 | ||||||
| Dewey Decimal Classification | London | London | RICS Boxes | 25/02/2002 | 70 | RICS 2001/54 | 30065366 | 06/08/2019 | 7 | 06/08/2019 | Book | 06/07/2009 |